La Universidad y el desarrollo científico - tecnológico /
sin resumen
Gorde:
| Egile nagusia: | |
|---|---|
| Formatua: | Texto |
| Gaiak: | |
| Etiketak: |
Etiketa erantsi
Etiketarik gabe, Izan zaitez lehena erregistro honi etiketa jartzen!
|
MARC
| LEADER | 00000 a a2200000 04500 | ||
|---|---|---|---|
| 001 | 4591 | ||
| 003 | |||
| 040 | |||
| 100 | |a Garrido, César | ||
| 245 | |a La Universidad y el desarrollo científico - tecnológico / |c César Garrido | ||
| 520 | |a sin resumen | ||
| 650 | |a UNIVERSIDADES | ||
| 650 | |a PROGRESO CIENTIFICO | ||
| 650 | |a DEPENDENCIA TECNOLOGICA | ||
| 773 | |g número 3; páginas 5-10 | ||
| 999 | |c 28373 |d 28373 | ||
| 773 | 0 | |0 42336 |9 3344 |d Ciudad de Panamá: Universidad de Panamá. Instituto de Estudios Nacionales, 1988- |o MFN: 1238 |t Cuadernos Nacionales / | |
